Mathematics: the man-made universe

Guardat en:
Dades bibliogràfiques
Autor principal: Stein, Sherman K (Autor)
Format: Llibre
Idioma:anglès
Publicat: Nueva York Dover 1999
Col·lecció:Dover Books on Mathematics
Matèries:
Etiquetes: Afegir etiqueta
Sense etiquetes, Sigues el primer a etiquetar aquest registre!

MARC

LEADER 00000nam a2200000 a 4500
001 UCO7102
003 CL-VaPUC
008 001110e19990000US |||||||||||||||||eng|d
082 0 4 |a 510  |b STE  |2 21 
100 0 |a Stein, Sherman K  |e author  |9 451774 
245 1 0 |a Mathematics: the man-made universe 
300 |a 575 p 
942 |c BK 
945 |d 20001110 00:00:00  |a vberengu 
260 |a Nueva York  |b Dover  |c 1999 
650 0 |a Matemática  |9 260235 
583 |a last modification  |c 20001110 00:00:00  |k Rodrigo Vera 
490 0 |a Dover Books on Mathematics 
999 |c 292309  |d 292307